000 00590nam a22001937a 4500
005 20251108173119.0
008 250721s2005 xx 000 0 ara d
082 1 4 _a216.25022/ دلي
245 1 0 _aدليل المعتمر /
264 1 _aعمان :
_bدارالفلاح للنشر و التوزيع،
_c2005.
300 _a38ص.
650 1 7 _aالفقه الإسلامي
650 1 7 _aالأحكام الشرعية
650 1 7 _aالعمرة
650 1 7 _aالادلة
710 2 _aإعداد قسم الأبحاث في دار الفلاح
942 _2ddc
_cBK
999 _c96344
_d96344